000
00333nam a22001457a 4500
008
221121b ||||| |||| 00| 0 eng d
020
_a
9780323328524
041
_a
eng
080
_2
10TH EDITION
_a
610.73
082
_a
610.73 LEW
100
_a
8
101
_a
INF
245
_a
MEDICAL SURGICAL NURSING
_c
LEWIS
942
_2
udc
_c
BK
999
_c
58993
_d
58993